Taste : chuť mého života /
Uloženo v:
| Hlavní autor: | |
|---|---|
| Další autoři: | |
| Médium: | Kniha |
| Jazyk: | Czech |
| Vydáno: |
Brno :
Kazda,
2026
|
| Vydání: | 1. vydání |
| Témata: | |
| Celkem bylo vypůjčeno: | 0x |
| Tagy: |
Žádné tagy |
| LEADER | 02450nam a2200649 i 4500 | ||
|---|---|---|---|
| 001 | 106737 | ||
| 003 | CZ PrNK | ||
| 005 | 20260703112733.0 | ||
| 007 | ta | ||
| 008 | 260429s2026 xr e f 000 0acze | ||
| 015 | |a cnb003754834 | ||
| 020 | |a 9788076702950 |q (vázáno) | ||
| 040 | |a BOA001 |b cze |e rda | ||
| 041 | 1 | |a cze |h eng | |
| 072 | 7 | |a 641 |x Kuchařství. Potraviny. Vařená jídla |2 Konspekt |9 19 | |
| 072 | 7 | |a 929 |x Biografie |2 Konspekt |9 8 | |
| 080 | |a 791/792.071.2 |2 MRF | ||
| 080 | |a 791.633-051 |2 MRF | ||
| 080 | |a 641/642 |2 MRF | ||
| 080 | |a 641.56(=131.1) |2 MRF | ||
| 080 | |a 929 |2 MRF | ||
| 080 | |a (73) |2 MRF | ||
| 080 | |a (0:82-94) |2 MRF | ||
| 080 | |a (083.12) |2 MRF | ||
| 100 | 1 | |a Tucci, Stanley, |d 1960- |7 xx0060657 |4 aut |9 117575 | |
| 240 | 1 | 0 | |a Taste. |l Česky |
| 245 | 1 | 0 | |a Taste : |b chuť mého života / |c Stanley Tucci ; překlad: Martin Richter |
| 246 | 3 | 0 | |a Chuť mého života |
| 250 | |a 1. vydání | ||
| 264 | 1 | |a Brno : |b Kazda, |c 2026 | |
| 300 | |a 302 stran ; |c 22 cm | ||
| 336 | |a text |b txt |2 rdacontent | ||
| 337 | |a bez média |b n |2 rdamedia | ||
| 338 | |a svazek |b nc |2 rdacarrier | ||
| 500 | |a Přeloženo z angličtiny | ||
| 500 | |a Obálkový podnázev: memoáry o jídle a životě | ||
| 546 | |a Český text | ||
| 600 | 1 | 7 | |a Tucci, Stanley, |d 1960- |7 xx0060657 |2 czenas |9 117575 |
| 648 | 7 | |a 20.-21. století |7 ch462155 |2 czenas |9 53009 | |
| 650 | 0 | 7 | |a herci |7 ph117199 |y 20.-21. století |z Spojené státy americké |2 czenas |
| 650 | 0 | 7 | |a filmoví režiséři |7 ph120210 |y 20.-21. století |z Spojené státy americké |2 czenas |
| 650 | 0 | 7 | |a gastronomie |7 ph120473 |2 czenas |9 902 |
| 650 | 0 | 7 | |a italská jídla |7 ph114806 |2 czenas |
| 650 | 0 | 9 | |a actors |y 20th-21st centuries |z United States |2 eczenas |
| 650 | 0 | 9 | |a film directors |y 20th-21st centuries |z United States |2 eczenas |
| 650 | 0 | 9 | |a gastronomy |2 eczenas |
| 650 | 0 | 9 | |a Italian cookery |2 eczenas |
| 655 | 7 | |a autobiografické vzpomínky |7 fd131854 |2 czenas |9 53458 | |
| 655 | 7 | |a kuchařské recepty |7 fd132687 |2 czenas |9 53684 | |
| 655 | 9 | |a autobiographical reminiscences |2 eczenas | |
| 655 | 9 | |a cookbooks |2 eczenas | |
| 700 | 1 | |a Richter, Martin, |d 1962- |7 xx0218936 |4 trl |9 117559 | |
| 710 | 2 | |a Nakladatelství Kazda |7 xx0259526 |4 pbl |9 117285 | |
| 910 | |a UOG502 | ||
| 942 | |2 ddc |c KN | ||
| 999 | |d 106737 | ||
| 993 | |0 0 |1 421180107468 |2 ddc |4 0 |6 929_000000000000000 |7 0 |9 100253 |b 0 |c 107468 |d 2026-07-03 |e 0 |f DOSP |g 929 |h 449.00 |i Koupě |l DOSP |r 2026-07-03 |t 5 |w 2026-07-03 |y KN |z NAUCNA |n | ||